| 000 | 00000nam 2200000za 4500 |
| 001 | 9.697824 |
| 003 | CaOODSP |
| 005 | 20220512133416 |
| 007 | cr ||||||||||| |
| 008 | 150407|2002||||xxc|||||o f|0| 0 eng d |
| 020 | |a0-662-32356-4 |
| 040 | |aCaOODSP|beng |
| 043 | |an-cn--- |
| 086 | 1 |aH113-16/2002-1E-IN |
| 110 | 1 |aCanada. |bPest Management Regulatory Agency. |
| 245 | 10|aCommon lawn problems : |h[electronic resource]|bfact sheet |
| 260 | |aOttawa - Ontario : |bHealth Canada. |c2002. |
| 300 | |a10p.|bphotographs |
| 590 | |a13-12-Supp|b2013-05-10 |
| 690 | 07|aPests|2gcpds |
| 775 | 08|tLes problèmes typiques d'une pelouse : |w(CaOODSP)9.641826 |
| 794 | |tCommon lawn problems : |w(CaOODSP)9.696300 |
| 856 | 40|ahttp://publications.gc.ca|qPDF|s165 KB|uhttps://publications.gc.ca/collections/collection_2013/sc-hc/H113-16-2002-1-eng.pdf |